01642nmc a2200337 a 4500003001200000005001700012008004100029020001800070040001600088245009400104250001200198260003800210300001100248490001500259505009900274505010800373505013800481505010300619505009300722505007800815505009800893505009800991650002401089650002901113650003301142650002301175650002701198651001301225653002901238700003701267AR-Y00000XR20251128211936.0127020s2004 ||||||||||||||000 | spa|| a84-7432-985-X cAR-Y00000XR10aComunicación y cultura en la era digitalbindustrias, mercados y diversidad en España a2ª ed. aBarcelonabEditorial Gedisac20040 a382 p. 0aMultimedia tLa edición de libros : un sector potente a la defensiva digitalrGómez-Escalonilla, Gloria tLa industria discográfica : reflejo tardío y dependencia del mercado internacionalrBuquet, Gustavo tLa industria cinematográfica : enfermedades crónicas e incertidumbre ante el mercado digitalrAlvarez Monzoncillo, José María tLa prensa diaria y periódica : pionero pero problemático salto on linerAlbornoz, Luis Alfonso tLa radio en el umbral digital : concentración versus diversificaciónrFranquet, Rosa tTelevisión : errores y frenos en el camino digitalrBustamante, Enrique tEl reto del videojuego on line : mercado creciente con escasa industriarMoreno, Pedro Manuel tPolíticas culturales territoriales : una experiencia rica pero insuficienterZallo, Ramón 4aSOCIOLOGIA CULTURAL 4aCOMUNICACION AUDIOVISUAL 4aTECNOLOGIA DE LA INFORMACION 4aINDUSTRIA CULTURAL 4aMEDIOS DE COMUNICACION 4aEspaña 0aDIVERSIDAD SOCIOCULTURAL1 aBustamante, Enriqueecoordinador